Modern concepts on water resources (Record no. 1335)

000 -LEADER
fixed length control field 00600nam a22002177a 4500
001 - CONTROL NUMBER
control field 1335
003 - CONTROL NUMBER IDENTIFIER
control field BD-DhUET
008 - FIXED-LENGTH DATA ELEMENTS--GENERAL INFORMATION
fixed length control field 140903b xxu||||| |||| 00| 0 eng d
020 ## - INTERNATIONAL STANDARD BOOK NUMBER
International Standard Book Number 9848090309
040 ## - CATALOGING SOURCE
Original cataloging agency 0
Transcribing agency 0
Modifying agency BD-DhUET
082 ## - DEWEY DECIMAL CLASSIFICATION NUMBER
Classification number 628.16068095492
Item number FAI/2007
100 ## - MAIN ENTRY--PERSONAL NAME
Personal name Faisal Hossain
245 ## - TITLE STATEMENT
Title Modern concepts on water resources
Statement of responsibility, etc. by Faisal Hossain,Md. Delawer Hossain
250 ## - EDITION STATEMENT
Edition statement Ist ed.
260 ## - PUBLICATION, DISTRIBUTION, ETC. (IMPRINT)
Place of publication, distribution, etc. Dhaka
Name of publisher, distributor, etc. UGC,
Date of publication, distribution, etc. 2007
300 ## - PHYSICAL DESCRIPTION
Extent xv,222p.
504 ## - BIBLIOGRAPHY, ETC. NOTE
Bibliography, etc Includes bibliographies
650 #0 - SUBJECT ADDED ENTRY--TOPICAL TERM
Topical term or geographic name as entry element Water resources management
Geographic subdivision Bangladesh
700 ## - ADDED ENTRY--PERSONAL NAME
Personal name Delawer Hossain, Md.
942 ## - ADDED ENTRY ELEMENTS (KOHA)
Koha item type General Book
Holdings
Source of classification or shelving scheme Koha item type Price effective from Koha date last seen Lost status Sublocation or collection (holding branch) Copy number Location (home branch) Piece designation (barcode) Shelving location Withdrawn status Koha normalized classification for sorting Not for loan Damaged status Koha full call number Date acquired
 General Book2014-09-032014-09-03 Central Library, BUET1Central Library, BUET103500Circulation section 628_160680954920000_FAI_2007  628.16068095492/FAI/20072014-09-03
 General Book2014-09-032014-09-03 Central Library, BUET2Central Library, BUET103501Circulation section 628_160680954920000_FAI_2007  628.16068095492/FAI/20072014-09-03
 General Book2014-09-032014-09-03 Central Library, BUET3Central Library, BUET103502Circulation section 628_160680954920000_FAI_2007  628.16068095492/FAI/20072014-09-03
 General Book2014-09-032014-09-03 Central Library, BUET4Central Library, BUET103503Circulation section 628_160680954920000_FAI_2007  628.16068095492/FAI/20072014-09-03
 General Book2014-09-032014-09-03 Central Library, BUET5Central Library, BUET103504Circulation section 628_160680954920000_FAI_2007  628.16068095492/FAI/20072014-09-03
 General Book2014-09-032014-09-03 Central Library, BUET6Central Library, BUET103505Circulation section 628_160680954920000_FAI_2007  628.16068095492/FAI/20072014-09-03
 General Book2014-09-032014-09-03 Central Library, BUET7Central Library, BUET103506Circulation section 628_000000000000000_1606809549  628.16068095492/FAI/20072014-09-03
 General Book2014-09-032014-09-03 Central Library, BUET8Central Library, BUET103507Circulation section 628_000000000000000_1606809549  628.16068095492/FAI/20072014-09-03
 General Book2014-09-032014-09-03 Central Library, BUET9Central Library, BUET103508Circulation section 628_160680954920000_FAI_2007  628.16068095492/FAI/20072014-09-03
 General Book2014-09-032014-09-03 Central Library, BUET10Central Library, BUET103509Circulation section 628_000000000000000_1606809549  628.16068095492/FAI/20072014-09-03
 General Book2016-07-262016-07-26 Central Library, BUET11Central Library, BUET114242Circulation section 628_160680954920000_FAI_2007  628.16068095492/FAI/20072016-07-26
 General Book2016-07-262016-07-26 Central Library, BUET12Central Library, BUET114243Circulation section 628_160680954920000_FAI_2007  628.16068095492/FAI/20072016-07-26